Introducción a la economía / (Registro nro. 5697)

Detalles MARC
000 -LEADER
fixed length control field 01077nam a2200277Ia 4500
003 - CONTROL NUMBER IDENTIFIER
control field OSt
005 - DATE AND TIME OF LATEST TRANSACTION
control field 20200516003800.0
008 - FIXED-LENGTH DATA ELEMENTS--GENERAL INFORMATION
fixed length control field 191128s1959 ck fr 000 0 spa d
020 ## - INTERNATIONAL STANDARD BOOK NUMBER
International Standard Book Number 9681601939
040 ## - CATALOGING SOURCE
Original cataloging agency CO-JMCR
Transcribing agency CO-JMCR
041 1# - LANGUAGE CODE
Language code of text/sound track or separate title spa
Language code of original eng
082 04 - DEWEY DECIMAL CLASSIFICATION NUMBER
Classification number 330 /
Item number D632i
Edition number 23
100 1# - MAIN ENTRY--PERSONAL NAME
Personal name Dobb, Maurice,
Relator term autor
9 (RLIN) 2560
245 10 - TITLE STATEMENT
Title Introducción a la economía /
Statement of responsibility, etc. Maurice Dobb ; traducción de Antonio Castro Leal
250 ## - EDITION STATEMENT
Edition statement Primera edición
260 ## - PUBLICATION, DISTRIBUTION, ETC.
Place of publication, distribution, etc. México :
Name of publisher, distributor, etc. Fondo de Cultura Económica,
Date of publication, distribution, etc. 1959
300 ## - PHYSICAL DESCRIPTION
Extent 90 páginas ;
Dimensions 17 cm.
490 0# - SERIES STATEMENT
Series statement Colección popular ;
Volume/sequential designation 2
505 0# - FORMATTED CONTENTS NOTE
Formatted contents note El nacimiento de la economía política -- La teoría del valor -- Ricardo y la renta de la tierra -- Después de Ricardo -- Marx y la plusvalía -- La nueva economía -- El costo real subjetivo -- Equilibrio general y parcial
534 ## - ORIGINAL VERSION NOTE
Introductory phrase Introduction to economics
546 ## - LANGUAGE NOTE
Language note Traducido del inglés
650 14 - SUBJECT ADDED ENTRY--TOPICAL TERM
Topical term or geographic name entry element Economía política
9 (RLIN) 1838
650 14 - SUBJECT ADDED ENTRY--TOPICAL TERM
Topical term or geographic name entry element Teoría económica
9 (RLIN) 1066
700 1# - ADDED ENTRY--PERSONAL NAME
Personal name Castro Leal, Antonio,
Relator term traductor
9 (RLIN) 4470
942 ## - ADDED ENTRY ELEMENTS (KOHA)
Source of classification or shelving scheme Dewey Decimal Classification
Koha item type Books
Existencias
Withdrawn status Lost status Source of classification or shelving scheme Damaged status Not for loan Collection code Home library Current library Date acquired Source of acquisition Cost, normal purchase price Total Checkouts Full call number Barcode Date last seen Copy number Koha item type
    Dewey Decimal Classification     Non-fiction Biblioteca Pública José María del Castillo y Rada Biblioteca Pública José María del Castillo y Rada 04/15/2018 Donación 0.00   330 / D632i 430003923 05/16/2024 Ej.1 Books